000 01436namaa22003371i 4500
005 20260224120216.0
008 251224s1995 ua a|||frm||| 000 0 eng d
040 _aEG-GICUC
_beng
_cEG-GICUC
_dEG-GICUC
_erda
041 0 _aeng
_beng
_bara
049 _aDeposit
097 _aPh.D
099 _aCai01.11.03.Ph.D.1995.Ai.S.
100 0 _aAisha E. S. Eid,
_epreparation.
245 1 0 _aSerum isoenzymes in certain hepatobiliary diseases /
_b
_cBy Aisha E. S. Eid; Supervised Prof. Yassin Abdal-Ghaffar, Prof. Bothaina El-Kammah, Prof. Samia Mostafa, Prof Yahya M. H. Shaker
246 1 5 _aشبيهات الانزيمات في مصل الدم في بعض امراض الكبد
264 0 _c1995.
300 _a268 Leaves :
_billustrations
_c30 cm. +
336 _2rda content
_atext
337 _2rdamedia
_aUnmediated
338 _2rdacarrier
_avolume
502 _aThesis (Ph.D)-Cairo University, 1995.
504 _aBibliography: pages 206-261
653 0 _ahepatobiliary diseases
_aSerum isoenzymes
700 0 _aYassin Abdal-Ghaffar
_ethesis advisor.
700 0 _aBothaina El-Kammah
_ethesis advisor.
700 0 _aSamia Mostafa
_ethesis advisor.
700 0 _aYahya M. H. Shaker
_ethesis advisor.
900 _DDepartment of Biochemistry
_FFaculty of Medicine
_UCairo University
_b1995
_cYassin Abdal-Ghaffar
_cBothaina El-Kammah
_cSamia Mostafa
_cYahya M. H. Shaker
905 _aNehad
_eNourhan
942 _2ddc
_cTH
_e21
_n0
999 _c177000